00455nam a2200193Ia 4500003000400000005001700004006001800021007000300039008004100042037001700083040001800100041001300118082001600131110003200147245002400179260000900203650001700212700003200229OSt20220926042229.0a|||||r|||| 00| 0ta220923b |||||||| |||| 00| 0 eng d cGeneral Book aRTLcRTLbeng 2engaeng aXM5:Z2, J6q aINDIA LAW (Ministry of....) 0aCompanies act, 1956 c1956 aCompany Laws aINDIA LAW (Ministry of....)